[Event "Serbia op-A"]
[Site "Belgrade"]
[Date "2025.07.14"]
[Round "1"]
[White "Potluri, Saye Srreezza"]
[Black "Sahin, Ozgun"]
[Result "0-1"]
[WhiteElo "1969"]
[BlackElo "2179"]
[PlyCount "68"]
[EventDate "2025.07.14"]
[EventType "swiss"]
[EventRounds "9"]
[EventCountry "SRB"]
[SourceTitle "CB30_2025"]
[SourceDate "2025.07.23"]
[SourceVersion "1"]
[SourceVersionDate "2025.07.23"]
[SourceQuality "1"]

1. e4 c5 2. Nf3 Nc6 3. Bb5 Nf6 4. Nc3 Qc7 5. 0-0 Nd4 6. Re1 e5 7. Bc4 d6 8. Nb5 Qc6 9. Nbxd4 cxd4 10. Qe2 a6 11. Ng5 h6 12. Nxf7 Rh7 13. f4 Qc7 14. Rf1 Bg4 15. Qd3 Bh5 16. fxe5 dxe5 17. Nxe5 Qxe5 18. Rf5 Qc7 19. e5 Bg6 20. exf6 gxf6 21. b3 0-0-0 22. Bb2 Bd6 23. h3 Be5 24. Qf3 Bxf5 25. Qxf5+ Kb8 26. Bd3 Rg7 27. Be4 Rg5 28. Qf2 f5 29. Bd3 Rdg8 30. Bf1 Qc6 31. d3 Ka8 32. Rd1 f4 33. Rd2 f3 34. Bxd4 Rxg2+ 0-1

[Event "Pristina op"]
[Site "Pristina"]
[Date "2025.06.02"]
[Round "7"]
[White "Jusufi, Ahmet"]
[Black "Sahin, Ozgun"]
[Result "1/2-1/2"]
[WhiteElo "1991"]
[BlackElo "2178"]
[PlyCount "74"]
[EventDate "2025.05.31"]
[EventType "swiss"]
[EventRounds "9"]
[EventCountry "KOS"]
[SourceTitle "CB24_2025"]
[SourceDate "2025.06.11"]
[SourceVersion "1"]
[SourceVersionDate "2025.06.11"]
[SourceQuality "1"]

1. e4 c5 2. Nf3 g6 3. d4 cxd4 4. Nxd4 Nc6 5. c4 Nf6 6. Nc3 Nxd4 7. Qxd4 d6 8. Be2 Bg7 9. 0-0 0-0 10. Qd3 Be6 11. Be3 Qa5 12. Bd4 Rfc8 13. b3 Nd7 14. Bxg7 Kxg7 15. f4 f6 16. Bf3 a6 17. Ne2 Rab8 18. Nd4 Nc5 19. Qe3 Bf7 20. e5 dxe5 21. fxe5 Qc7 22. Nc6 bxc6 23. exf6+ exf6 24. Qxc5 Qb6 25. Qxb6 Rxb6 26. Rad1 a5 27. Rd6 a4 28. Bd1 f5 29. g4 fxg4 30. Rd7 Rf8 31. Bxg4 c5 32. Rc7 Kg8 33. Bd1 Be6 34. Rxf8+ Kxf8 35. Rxc5 Rd6 36. Bf3 axb3 37. axb3 Rd3 1/2-1/2

[Event "Pristina op"]
[Site "Pristina"]
[Date "2025.06.02"]
[Round "8"]
[White "Sahin, Ozgun"]
[Black "Aliu, Besnik"]
[Result "1-0"]
[WhiteElo "2178"]
[BlackElo "1979"]
[PlyCount "71"]
[EventDate "2025.05.31"]
[EventType "swiss"]
[EventRounds "9"]
[EventCountry "KOS"]
[SourceTitle "CB24_2025"]
[SourceDate "2025.06.11"]
[SourceVersion "1"]
[SourceVersionDate "2025.06.11"]
[SourceQuality "1"]

1. d4 Nf6 2. Nc3 d5 3. Bf4 c6 4. e3 Bf5 5. f3 e6 6. g4 Bg6 7. h4 h5 8. g5 Nfd7 9. Bd3 Bf5 10. Bxf5 exf5 11. Qd3 g6 12. e4 fxe4 13. fxe4 Bb4 14. 0-0-0 Bxc3 15. Qxc3 0-0 16. exd5 cxd5 17. Ne2 Nc6 18. Qf3 Qa5 19. Kb1 Rac8 20. Bd6 Nb4 21. a3 Nc6 22. Bxf8 Rxf8 23. Nf4 Nb6 24. Rhf1 Ne7 25. Ne6 Nf5 26. Nxf8 Kxf8 27. Qe2 Nc4 28. Rxf5 gxf5 29. Qxh5 Ke7 30. Qe2+ Kf8 31. Re1 Qb5 32. Qe7+ Kg7 33. b3 Nd2+ 34. Kc1 Nf3 35. Qf6+ Kg8 36. Re7 1-0

[Event "Pristina op"]
[Site "Pristina"]
[Date "2025.06.01"]
[Round "2"]
[White "Sahin, Ozgun"]
[Black "Bodur, Asil Yanki"]
[Result "1-0"]
[WhiteElo "2178"]
[BlackElo "1623"]
[PlyCount "65"]
[EventDate "2025.05.31"]
[EventType "swiss"]
[EventRounds "9"]
[EventCountry "KOS"]
[SourceTitle "CB24_2025"]
[SourceDate "2025.06.11"]
[SourceVersion "1"]
[SourceVersionDate "2025.06.11"]
[SourceQuality "1"]

1. e4 e5 2. Nf3 Nc6 3. d4 exd4 4. Nxd4 Bc5 5. Nb3 Bb6 6. Nc3 h6 7. Qe2 d6 8. Be3 Be6 9. 0-0-0 Nf6 10. f3 Qe7 11. Qe1 Bxe3+ 12. Qxe3 a5 13. Bb5 Bd7 14. g4 Ne5 15. Bxd7+ Nexd7 16. a4 Ne5 17. h4 Nc4 18. Qd4 Ne5 19. g5 Nh5 20. Nd5 Qd8 21. f4 Nc6 22. Qc3 Kf8 23. Qf3 g6 24. Qc3 Kg8 25. e5 Qd7 26. exd6 cxd6 27. Nb6 Qd8 28. Nxa8 Qxa8 29. f5 Nb4 30. Qc7 b5 31. Rhe1 Kh7 32. Qxf7+ Ng7 33. fxg6# 1-0

[Event "TUR-chT"]
[Site "Ankara"]
[Date "2024.07.19"]
[Round "7.10"]
[White "Kerigan, Demre"]
[Black "Sahin, Ozgun"]
[Result "1/2-1/2"]
[WhiteElo "2363"]
[BlackElo "2261"]
[PlyCount "94"]
[EventDate "2024.07.14"]
[EventType "team-tourn"]
[EventRounds "15"]
[EventCountry "TUR"]
[SourceTitle "EXT 2025"]
[Source "ChessBase"]
[SourceDate "2024.10.14"]
[SourceVersion "1"]
[SourceVersionDate "2024.10.14"]
[SourceQuality "1"]
[WhiteTeam "Alacati Satranc"]
[BlackTeam "Beyazkale Dernegi"]
[WhiteTeamCountry "TUR"]
[BlackTeamCountry "TUR"]

1. e4 c5 2. Nf3 Nc6 3. Bb5 Nf6 4. Bxc6 dxc6 5. d3 Qc7 6. Nbd2 e5 7. 0-0 Be6 8. Ng5 Bg4 9. f3 Bd7 10. f4 Bg4 11. Qe1 h6 12. Ngf3 exf4 13. Nc4 0-0-0 14. Bd2 g5 15. Bc3 Bg7 16. Be5 Qe7 17. Qa5 b6 18. Qa4 Kb7 19. Nd6+ Rxd6 20. Bxd6 Qxd6 21. e5 Qd5 22. exf6 Bxf6 23. Rae1 Bxf3 24. Rxf3 Bd4+ 25. Kf1 Be3 26. Qb3 f5 27. Qc3 Qd4 28. Qxd4 cxd4 29. g3 Rg8 30. Kg2 g4 31. Rxf4 Bxf4 32. gxf4 Kc7 33. Re6 Rf8 34. Kg3 Kd7 35. Rxh6 Re8 36. Kf2 Re3 37. Rh7+ Kd6 38. Rxa7 Rf3+ 39. Kg2 Rxf4 40. Rb7 b5 41. b3 Rf3 42. a4 bxa4 43. bxa4 Re3 44. Kf2 Rh3 45. Kg2 Re3 46. Kf2 Rh3 47. Kg2 Ke5 1/2-1/2

[Event "TUR-chT"]
[Site "Ankara"]
[Date "2024.07.17"]
[Round "4.34"]
[White "Sahin, Ozgun"]
[Black "Yonal, Timur"]
[Result "0-1"]
[WhiteElo "2261"]
[BlackElo "2078"]
[PlyCount "64"]
[EventDate "2024.07.14"]
[EventType "team-tourn"]
[EventRounds "15"]
[EventCountry "TUR"]
[SourceTitle "EXT 2025"]
[Source "ChessBase"]
[SourceDate "2024.10.14"]
[SourceVersion "1"]
[SourceVersionDate "2024.10.14"]
[SourceQuality "1"]
[WhiteTeam "Beyazkale Dernegi"]
[BlackTeam "Karaman Futbol"]
[WhiteTeamCountry "TUR"]
[BlackTeamCountry "TUN"]

1. d4 d5 2. Nc3 Nf6 3. Bf4 e6 4. Nb5 Na6 5. e3 c6 6. Nc3 Nb8 7. Bd3 Bd6 8. Qf3 0-0 9. g4 Qe7 10. g5 Nfd7 11. Bxd6 Qxd6 12. 0-0-0 e5 13. Qg3 Qe7 14. f3 b5 15. Qh4 g6 16. Nge2 b4 17. Nb1 c5 18. dxc5 Nxc5 19. e4 Nxd3+ 20. Rxd3 Ba6 21. Rd2 d4 22. Kd1 d3 23. cxd3 Nc6 24. f4 Rfd8 25. Qg3 Bxd3 26. Rxd3 Rxd3+ 27. Qxd3 Rd8 28. Qxd8+ Qxd8+ 29. Nd2 exf4 30. Nxf4 Qxg5 31. Rf1 Qa5 32. Kc2 Qxa2 0-1

[Event "Pristina Balkan op-A"]
[Site "Pristina"]
[Date "2024.06.18"]
[Round "7"]
[White "Sahin, Ozgun"]
[Black "Seo, Jung Min"]
[Result "0-1"]
[WhiteElo "2227"]
[BlackElo "2442"]
[PlyCount "92"]
[EventDate "2024.06.14"]
[EventType "swiss"]
[EventRounds "9"]
[EventCountry "KOS"]
[SourceTitle "CBM 220 Extra"]
[Source "ChessBase"]
[SourceDate "2024.07.31"]
[SourceVersion "1"]
[SourceVersionDate "2024.07.31"]
[SourceQuality "1"]

1. d4 Nf6 2. Nc3 d5 3. Bf4 a6 4. e3 e6 5. g4 Bb4 6. Nge2 0-0 7. a3 Be7 8. g5 Nfd7 9. h4 c5 10. Qd2 b5 11. dxc5 Nxc5 12. Bg2 Bb7 13. e4 Nxe4 14. Nxe4 dxe4 15. Qxd8 Rxd8 16. Ng3 Rd4 17. c3 Rc4 18. 0-0-0 f5 19. gxf6 gxf6 20. Rhg1 Kf7 21. Bf1 Rc8 22. Be2 Rg8 23. Bh5+ Rg6 24. Rge1 f5 25. Bg5 Bc6 26. f3 Bxg5+ 27. hxg5 exf3 28. Rd6 f4 29. Bxg6+ hxg6 30. Ne4 Ke7 31. Rd3 Nd7 32. Rxf3 Rf8 33. Rh3 e5 34. Nf2 Ke6 35. Rh7 f3 36. Rg7 Kf5 37. Kd2 a5 38. b3 a4 39. bxa4 bxa4 40. Rg1 e4 41. Ng4 Ne5 42. Nxe5 Kxe5 43. c4 Rd8+ 44. Ke1 e3 45. Re7+ Kf4 46. Rf1 f2+ 0-1

[Event "SRB-chT 1st League CS"]
[Site "Paracin"]
[Date "2023.10.01"]
[Round "2.2"]
[White "Solomunovic, Igor"]
[Black "Sahin, Ozgun"]
[Result "1/2-1/2"]
[WhiteElo "2294"]
[BlackElo "2173"]
[PlyCount "104"]
[EventDate "2023.09.30"]
[EventType "team-tourn"]
[EventRounds "11"]
[EventCountry "SRB"]
[SourceTitle "CBM 216 Extra"]
[Source "ChessBase"]
[SourceDate "2023.11.30"]
[SourceVersion "1"]
[SourceVersionDate "2023.11.30"]
[SourceQuality "1"]
[WhiteTeam "Gornji Milanovac Metalac"]
[BlackTeam "Topola Karadjordje"]
[WhiteTeamCountry "SRB"]
[BlackTeamCountry "SRB"]

1. e4 c5 2. Nf3 g6 3. Bc4 Bg7 4. c3 e6 5. 0-0 Ne7 6. Bb3 d5 7. exd5 Nxd5 8. d4 cxd4 9. Nxd4 0-0 10. Nd2 Nc6 11. Nxc6 bxc6 12. Ne4 h6 13. c4 Nb6 14. Qe2 Qc7 15. Rd1 a5 16. a4 Ba6 17. Nc5 Bc8 18. Be3 Nd7 19. Bc2 Nxc5 20. Bxc5 Re8 21. Rab1 e5 22. Qe3 Be6 23. b3 Kh7 24. Rd2 Bf6 25. Bd6 Qc8 26. Qc5 Bf5 27. Bxf5 Qxf5 28. Rdd1 Qc8 29. Qe3 Qf5 30. h3 Red8 31. c5 Rd7 32. b4 axb4 33. Rxb4 Rda7 34. Qb3 Kg7 35. Ra1 e4 36. Re1 Qd5 37. Rexe4 Qxb3 38. Rxb3 Rxa4 39. Rxa4 Rxa4 40. Rb6 Bd4 41. Rxc6 Rc4 42. Rc8 Kf6 43. c6 Rc1+ 44. Kh2 Bxf2 45. c7 Bb6 46. h4 Rc6 47. Bg3 Rc3 48. Bf4 Rc4 49. g3 g5 50. hxg5+ hxg5 51. Rg8 Bxc7 52. Bxg5+ Kf5 1/2-1/2